000 00240nam a22000857a 4500
999 _c11040
_d11040
008 180802b ||||| |||| 00| 0 eng d
100 _aKapoor, Sanjeev
_96824
245 _aEAT LITE Beverages Soups & Salads
260 _aNew Delhi
_bRave India
_c2011